000 00449nam a2200157Ia 4500
008 230917s9999||||xx |||||||||||||| ||und||
040 _e37111
_aMAIN
041 _aEnglish
082 _a341.2 J158N
100 _aJacobson, Harold K
245 0 _aNetworks of interdependence: international organizations and the global political system
250 _a1st ed.
260 _aNew York
_bAlfred A Knopf
_c1979
300 _axxiv, 486 p.
942 _cBK
999 _c226897
_d226897